[Event "World Rapid Women 2017"]
[Site "Riyadh KSA"]
[Date "2017.12.26"]
[Round "2.44"]
[White "Albzoor, Anwar"]
[Black "Bivol, Alina"]
[Result "0-1"]
[WhiteTitle "WFM"]
[BlackTitle "WGM"]
[WhiteElo "1595"]
[BlackElo "2356"]
[WhiteFideId "11500522"]
[BlackFideId "4100123"]
[EventDate "2017.12.26"]

1. Nf3 Nf6 2. c4 g6 3. g3 Bg7 4. Bg2 d6 5. Nc3 O-O 6. O-O e5 7. d3 h6 8. Bd2 Nc6
9. Rb1 a5 10. a3 Ne8 11. b4 f5 12. b5 Ne7 13. Qb3 Kh7 14. Nd5 Nxd5 15. cxd5 b6
16. Qc4 Nf6 17. Rbc1 Rf7 18. Nxe5 Rf8 19. Nf3 Ra7 20. a4 Re8 21. Rfe1 Qe7 22.
Nd4 Qf7 23. Nc6 Rb7 24. Nd4 Ra7 25. Nc6 Rb7 26. Nd4 Qg8 27. Qc6 Ra7 28. Qc4 Ng4
29. Nc6 Rb7 30. h3 Nf6 31. Nd4 g5 32. Qc6 Ra7 33. Qc4 Nd7 34. Ne6 Ne5 35. Qb3
Bxe6 36. dxe6 Qxe6 37. Qxe6 Rxe6 38. Rc2 Re7 39. Rec1 Ng6 40. Bf3 0-1

[Event "World Rapid Women 2017"]
[Site "Riyadh KSA"]
[Date "2017.12.26"]
[Round "3.1"]
[White "Khotenashvili, Bela"]
[Black "Gunina, Valentina"]
[Result "1-0"]
[WhiteTitle "GM"]
[BlackTitle "GM"]
[WhiteElo "2476"]
[BlackElo "2510"]
[WhiteFideId "13602640"]
[BlackFideId "4167570"]
[EventDate "2017.12.26"]

1. c4 Nf6 2. Nc3 c5 3. Nf3 e6 4. g3 b6 5. e4 Bb7 6. d3 d6 7. Bg2 Be7 8. O-O O-O
9. Ng5 h6 10. Nh3 Nc6 11. f4 Nd7 12. g4 Nd4 13. g5 hxg5 14. Nxg5 Bxg5 15. fxg5
Ne5 16. Bf4 g6 17. Ne2 Nec6 18. Ng3 e5 19. Be3 Bc8 20. Rf6 Be6 21. h4 Nb8 22. h5
Nd7 23. Rf2 Qe7 24. Qd2 Bg4 25. Raf1 Bxh5 26. Nxh5 gxh5 27. Bh3 Ne6 28. Qe2 Ng7
29. Rf6 Rab8 30. Rh6 b5 31. Bf5 Rfd8 32. Bh7+ Kf8 33. Bg6 Qe6 34. Bxf7 Qxf7 35.
Rxf7+ Kxf7 36. Rxd6 bxc4 37. dxc4 Nf8 38. Bxc5 Nfe6 39. Ba3 Nf4 40. Qe3 Rxd6 41.
Bxd6 Rxb2 42. Bxe5 Rb1+ 43. Kh2 Nfe6 44. Qf2+ Kg6 45. Qf6+ Kh7 46. Qh6+ Kg8 47.
g6 Re1 48. Bd6 Re2+ 49. Kg1 1-0

[Event "World Rapid Women 2017"]
[Site "Riyadh KSA"]
[Date "2017.12.26"]
[Round "3.2"]
[White "Ju, Wenjun"]
[Black "Padmini, Rout"]
[Result "1-0"]
[WhiteTitle "GM"]
[BlackTitle "IM"]
[WhiteElo "2567"]
[BlackElo "2324"]
[WhiteFideId "8603006"]
[BlackFideId "5029295"]
[EventDate "2017.12.26"]

1. d4 Nf6 2. c4 e6 3. g3 d5 4. Nf3 Be7 5. Bg2 O-O 6. O-O dxc4 7. Qc2 a6 8. a4
Bd7 9. Qxc4 Bc6 10. Bg5 h6 11. Bxf6 Bxf6 12. Rd1 a5 13. Nc3 Bxf3 14. Bxf3 c6 15.
Qb3 Na6 16. Qxb7 Nb4 17. Bxc6 Rb8 18. Qd7 Qb6 19. Bg2 Nc2 20. Rab1 Nxd4 21. Ne4
Rfd8 22. Nxf6+ gxf6 23. Qe7 Nxe2+ 24. Kf1 Rxd1+ 25. Rxd1 Qxb2 26. Bf3 Nc3 27.
Rd7 Qb1+ 28. Kg2 Qg6 29. Rd8+ Rxd8 30. Qxd8+ Kg7 31. Qxa5 Qd3 32. Qb4 e5 33. a5
e4 34. Bh5 e3 35. Qb7 Qc4 36. fxe3 Nb5 37. Qd7 Qa2+ 38. Kh3 Qc4 39. Qg4+ Qxg4+
40. Bxg4 Kg6 41. e4 h5 42. Bd7 Nc7 43. Kh4 1-0

[Event "World Rapid Women 2017"]
[Site "Riyadh KSA"]
[Date "2017.12.26"]
[Round "3.3"]
[White "Pham, Le Thao Nguyen"]
[Black "Dzagnidze, Nana"]
[Result "1/2-1/2"]
[WhiteTitle "IM"]
[BlackTitle "GM"]
[WhiteElo "2354"]
[BlackElo "2522"]
[WhiteFideId "12401226"]
[BlackFideId "13601903"]
[EventDate "2017.12.26"]

1. d4 Nf6 2. Nf3 e6 3. Bf4 c5 4. e3 Nc6 5. c3 d5 6. Nbd2 Bd6 7. Bg3 O-O 8. Bd3
b6 9. e4 dxe4 10. Nxe4 Nxe4 11. Bxe4 Bb7 12. dxc5 Bxc5 13. Qa4 Na5 14. Bxb7 Nxb7
15. Rd1 Qe8 16. Qe4 Qe7 17. O-O Nd6 18. Qe2 Nf5 19. Ne5 Bd6 20. Nc6 Qc7 21. Nd4
Nxd4 22. Rxd4 e5 23. Rd5 f6 24. Rfd1 Rad8 25. f3 Bc5+ 26. Bf2 Rxd5 27. Rxd5
Bxf2+ 28. Kxf2 Rd8 29. Qe4 Kf8 30. Ke2 h6 31. Qb4+ Kf7 32. Qb3 Kg6 33. Qc2+ Kf7
34. Qb3 Kg6 35. Qc2+ Kf7 36. Qb3 1/2-1/2

[Event "World Rapid Women 2017"]
[Site "Riyadh KSA"]
[Date "2017.12.26"]
[Round "3.4"]
[White "Tan, Zhongyi"]
[Black "Mammadova, Gulnar"]
[Result "1-0"]
[WhiteTitle "GM"]
[BlackTitle "IM"]
[WhiteElo "2517"]
[BlackElo "2357"]
[WhiteFideId "8603642"]
[BlackFideId "13403508"]
[EventDate "2017.12.26"]

1. d4 d5 2. c4 c6 3. Nf3 Nf6 4. Nc3 a6 5. c5 Nbd7 6. Bf4 Nh5 7. Bd2 Nhf6 8. Rc1
g6 9. h3 Bg7 10. Bf4 O-O 11. e3 Re8 12. Be2 Nh5 13. Bh2 f5 14. Ne5 Nhf6 15. O-O
Ne4 16. Nxd7 Nxc3 17. bxc3 Qxd7 18. c4 e6 19. Qb3 Qf7 20. Bd6 Bf8 21. Be5 Bg7
22. f4 Bxe5 23. fxe5 Qc7 24. Rb1 Qe7 25. Kh2 Rf8 26. Rf4 Rb8 27. cxd5 exd5 28.
Bxa6 g5 29. Rff1 f4 30. exf4 gxf4 31. Be2 Bf5 32. Rb2 Qg5 33. Qf3 Be4 34. Qg4 h6
35. Bf3 Rf7 36. Re1 Bf5 37. Qxg5+ hxg5 38. e6 Re7 39. Re5 Rf8 40. Bg4 Bxg4 41.
Rxg5+ Kh7 42. Rxg4 f3 43. gxf3 Rxf3 44. Rg3 Rf4 45. Rb4 Re4 46. Rgb3 Re2+ 47.
Kg3 R7xe6 48. Rxb7+ Kh6 49. a4 Ra2 50. Rd7 Rg6+ 51. Kf3 Rf6+ 52. Kg3 Rg6+ 53.
Kh4 Re2 54. Rg3 Re4+ 55. Rg4 Rgxg4+ 56. hxg4 Rxd4 57. Rd6+ Kg7 58. Rxc6 Rxa4 59.
Rd6 d4 60. Kg5 Rc4 61. Rd7+ Kf8 62. Kf6 Ke8 63. Rd5 d3 64. g5 Rf4+ 65. Kg7 Rf3
66. g6 Ke7 67. c6 Ke6 68. Rd8 Ke7 69. c7 1-0

[Event "World Rapid Women 2017"]
[Site "Riyadh KSA"]
[Date "2017.12.26"]
[Round "3.5"]
[White "Harika, Dronavalli"]
[Black "Gvetadze, Sofio"]
[Result "1/2-1/2"]
[WhiteTitle "GM"]
[BlackTitle "IM"]
[WhiteElo "2504"]
[BlackElo "2289"]
[WhiteFideId "5015197"]
[BlackFideId "13601440"]
[EventDate "2017.12.26"]

1. e4 c5 2. Nf3 Nc6 3. d4 cxd4 4. Nxd4 g6 5. c4 Bg7 6. Be3 Nf6 7. Nc3 d6 8. Be2
O-O 9. O-O Bd7 10. Nc2 Rc8 11. f3 Na5 12. Na3 Be6 13. Rc1 Nxc4 14. Nxc4 Bxc4 15.
Bxc4 Rxc4 16. Qb3 Rc7 17. Bxa7 Qa8 18. Be3 Kh8 19. Rcd1 Qa6 20. Bd4 Rc4 21. Be3
Rfc8 22. Kh1 Kg8 23. Bg5 e6 24. Qb5 R4c6 25. Qxa6 bxa6 26. Rf2 Ne8 27. Na4 Nc7
28. Be3 Rb8 29. Bf4 Nb5 30. Rfd2 Be5 31. Be3 Kg7 32. Kg1 f5 33. b3 fxe4 34. fxe4
Rb7 35. g3 Rf7 36. Kg2 Kf8 37. Re2 Ke7 38. Bg5+ Kd7 39. Be3 Ke7 40. Bg5+ Kd7 41.
Be3 1/2-1/2

[Event "World Rapid Women 2017"]
[Site "Riyadh KSA"]
[Date "2017.12.26"]
[Round "3.6"]
[White "Mammadzada, Gunay"]
[Black "Lei, Tingjie"]
[Result "0-1"]
[WhiteTitle "WGM"]
[BlackTitle "GM"]
[WhiteElo "2333"]
[BlackElo "2528"]
[WhiteFideId "13403729"]
[BlackFideId "8605114"]
[EventDate "2017.12.26"]

1. e4 c6 2. d4 d5 3. Nc3 dxe4 4. Nxe4 Bf5 5. Ng3 Bg6 6. h4 h6 7. Nf3 e6 8. Ne5
Bh7 9. Bd3 Bxd3 10. Qxd3 Nd7 11. Bf4 Qa5+ 12. c3 Ngf6 13. O-O Be7 14. Nc4 Qd5
15. Rfe1 Ng4 16. f3 b5 17. b3 g5 18. hxg5 hxg5 19. Bc7 bxc4 20. bxc4 Nc5 21.
cxd5 Nxd3 22. fxg4 Nxe1 23. d6 Nc2 24. Rc1 Ne3 25. dxe7 Kxe7 26. Ne4 Nxg4 27.
Rb1 f5 28. Rb7 Kf8 29. Nxg5 Rh6 30. Bd6+ Kg8 31. c4 Rg6 32. Nh3 Rg7 33. Rb3 Re8
34. Nf4 Rd7 35. c5 Rh7 36. a4 Kg7 37. a5 Kf6 38. a6 Reh8 39. Nh3 e5 40. dxe5+
Nxe5 41. Kf2 Rd7 42. Nf4 Nc4 43. Bb8 Nd2 44. Rb2 Ne4+ 45. Ke3 Re8 46. Nh5+ Kg5
47. Nf4 Nxc5+ 48. Kf3 Nd3 49. Rb3 Nxf4 50. Bxf4+ Kg6 51. Rb7 Ree7 52. Rb8 Rd3+
53. Kf2 Re4 54. g3 Ra4 55. Rg8+ Kf7 0-1

[Event "World Rapid Women 2017"]
[Site "Riyadh KSA"]
[Date "2017.12.26"]
[Round "3.7"]
[White "Shuvalova, Polina"]
[Black "Paehtz, Elisabeth"]
[Result "0-1"]
[WhiteTitle "WIM"]
[BlackTitle "IM"]
[WhiteElo "2385"]
[BlackElo "2464"]
[WhiteFideId "24171760"]
[BlackFideId "4641833"]
[EventDate "2017.12.26"]

1. e4 c5 2. Nf3 d6 3. d4 cxd4 4. Nxd4 Nf6 5. Nc3 a6 6. Be2 e5 7. Nb3 Be7 8. O-O
O-O 9. Qd3 Nc6 10. Nd5 Nxd5 11. exd5 Nb8 12. f4 Nd7 13. f5 Bg5 14. Kh1 a5 15.
Qg3 Bxc1 16. Raxc1 Nf6 17. c4 a4 18. Nd2 Qb6 19. Rc2 Re8 20. Rd1 Bd7 21. Rf1
Rac8 22. Bd1 Qc5 23. Qf2 e4 24. Qxc5 Rxc5 25. b4 Rc7 26. g4 e3 27. Nb1 b5 28.
Na3 bxc4 29. Bf3 h5 30. h3 hxg4 31. hxg4 Ne4 32. Kg2 Nd2 33. Rfc1 Re5 34. Be2
Rxd5 35. Nxc4 Nxc4 36. Bxc4 Rd2+ 37. Kf3 d5 38. Bd3 Rcxc2 39. Bxc2 d4 40. a3
Bc6+ 41. Kf4 f6 42. Bd1 Rf2+ 43. Kg3 Bb5 44. Rc5 Rd2 45. Bf3 Bf1 46. Bd5+ Kh7
47. Rc8 e2 48. Kf2 Rd1 49. Re8 d3 50. Bc4 Bh3 0-1

[Event "World Rapid Women 2017"]
[Site "Riyadh KSA"]
[Date "2017.12.26"]
[Round "3.9"]
[White "Danielian, Elina"]
[Black "Kulon, Klaudia"]
[Result "1-0"]
[WhiteTitle "GM"]
[BlackTitle "WGM"]
[WhiteElo "2413"]
[BlackElo "2370"]
[WhiteFideId "13300210"]
[BlackFideId "1131044"]
[EventDate "2017.12.26"]

1. d4 Nf6 2. Bg5 d5 3. Bxf6 gxf6 4. e3 c5 5. dxc5 e5 6. Nc3 Be6 7. Bb5+ Nc6 8.
b4 Rg8 9. Nge2 a6 10. Ba4 Rxg2 11. Ng3 e4 12. Qh5 f5 13. Rd1 b5 14. cxb6 Qxb6
15. Kf1 Rxg3 16. hxg3 O-O-O 17. Ne2 d4 18. Bxc6 d3 19. cxd3 exd3 20. Bf3 dxe2+
21. Bxe2 Rxd1+ 22. Bxd1 Bxb4 23. Kg2 Bxa2 24. Qxf5+ Be6 25. Qe4 a5 26. Bf3 Kd7
27. Rxh7 Kd6 28. Rh6 Kd7 29. Bg4 Be7 30. Bxe6+ fxe6 31. Rh7 Qc7 32. g4 Ke8 33.
Qxe6 a4 34. Rh8# 1-0

[Event "World Rapid Women 2017"]
[Site "Riyadh KSA"]
[Date "2017.12.26"]
[Round "3.10"]
[White "Hoang, Thanh Trang"]
[Black "Goryachkina, Aleksandra"]
[Result "1/2-1/2"]
[WhiteTitle "GM"]
[BlackTitle "WGM"]
[WhiteElo "2439"]
[BlackElo "2486"]
[WhiteFideId "12400149"]
[BlackFideId "4147103"]
[EventDate "2017.12.26"]

1. d4 d5 2. Bf4 Nf6 3. e3 e6 4. Nf3 c5 5. Nbd2 Nc6 6. c3 Bd6 7. Bg3 O-O 8. Bd3
b6 9. O-O Bxg3 10. hxg3 Qd6 11. dxc5 Qxc5 12. e4 h6 13. exd5 Nxd5 14. Qe2 Bb7
15. Rad1 Rfd8 16. Bb1 a5 17. Ne4 Qe7 18. Rfe1 Rac8 19. g4 Nf4 20. Qe3 Nd5 21.
Qe2 Nf4 22. Qe3 Nd5 23. Qe2 Nf4 1/2-1/2

[Event "World Rapid Women 2017"]
[Site "Riyadh KSA"]
[Date "2017.12.26"]
[Round "3.11"]
[White "Guo, Qi"]
[Black "Buksa, Nataliya"]
[Result "1-0"]
[WhiteTitle "IM"]
[BlackTitle "WGM"]
[WhiteElo "2396"]
[BlackElo "2385"]
[WhiteFideId "8604002"]
[BlackFideId "14123622"]
[EventDate "2017.12.26"]

1. d4 d5 2. c4 e6 3. Nc3 a6 4. cxd5 exd5 5. Bf4 Nf6 6. e3 Bd6 7. Bxd6 Qxd6 8.
Bd3 O-O 9. Nf3 Bg4 10. h3 Bh5 11. Qc2 Nbd7 12. Nh4 c5 13. dxc5 Nxc5 14. Nf5 Qe5
15. Nd4 Rfe8 16. O-O Rac8 17. Rac1 Nce4 18. Bxe4 dxe4 19. Qb3 Rc7 20. Nce2 Bxe2
21. Nxe2 Rec8 22. Rxc7 Rxc7 23. Rd1 h6 24. Nc3 Kh7 25. Rd4 Re7 26. Qb4 g5 27.
Qb6 Kg7 28. a4 h5 29. Qd6 Qxd6 30. Rxd6 Rc7 31. Kf1 Rc6 32. Rd4 Re6 33. Rb4 b6
34. Ke2 Kg6 35. Kd2 h4 36. Kc2 Rc6 37. Kb1 Rd6 38. Kc1 Rc6 39. Kd1 Kf5 40. Ne2
Ke5 41. Nd4 Rd6 42. Rc4 Nd5 43. Ke2 f6 44. Rc8 Nb4 45. Re8+ Kd5 46. Nf5 Re6 47.
Rd8+ Kc5 48. Nd4 Rd6 49. Re8 Kd5 50. f3 exf3+ 51. gxf3 Nc6 52. Nf5 Re6 53. Rc8
Ke5 54. Ng7 Rd6 55. Ne8 Re6 56. Nc7 Rd6 57. Nxa6 f5 58. Nc7 Na5 59. Nb5 Rg6 60.
Re8+ Kd5 61. Rf8 Ke5 62. Nd4 f4 63. Rf5+ Kd6 64. b4 Nc4 65. exf4 gxf4 66. Rxf4
Rg2+ 67. Kd3 Nb2+ 68. Ke4 Nxa4 69. Rxh4 Nc3+ 70. Kd3 Nd5 71. Kc4 Rg6 72. Nb5+
Kc6 73. Na7+ Kb7 74. Rh7+ Nc7 75. Nb5 Rf6 76. Rxc7+ Kb8 77. Rh7 Rxf3 78. Nd6 Rf1
79. Kb5 Rf6 80. Kc6 Ka8 81. h4 b5 82. h5 Kb8 83. Rb7+ Ka8 84. Rxb5 1-0

[Event "World Rapid Women 2017"]
[Site "Riyadh KSA"]
[Date "2017.12.26"]
[Round "3.14"]
[White "Cornette, Deimante"]
[Black "Mkrtchian, Lilit"]
[Result "1-0"]
[WhiteTitle "IM"]
[BlackTitle "IM"]
[WhiteElo "2439"]
[BlackElo "2376"]
[WhiteFideId "12802859"]
[BlackFideId "13300601"]
[EventDate "2017.12.26"]

1. e4 e6 2. d4 d5 3. Nd2 c5 4. exd5 exd5 5. Ngf3 Nc6 6. Bb5 Qe7+ 7. Be2 Qc7 8.
O-O Nf6 9. Re1 cxd4 10. Nb3 Be7 11. Nbxd4 O-O 12. h3 a6 13. c3 Re8 14. Bd3 h6
15. Nf5 Bxf5 16. Bxf5 Bc5 17. Be3 Bxe3 18. Rxe3 Rxe3 19. fxe3 Qb6 20. Qd2 Re8
21. Nd4 Ne5 22. b3 Ned7 23. Bxd7 Nxd7 24. Rf1 Nf6 25. Nf5 Qe6 26. Qd4 Kh7 27.
Rf3 Qe5 28. Qh4 Ne4 29. Nd4 Kg8 30. Rf5 Qc7 31. Rxd5 Nxc3 32. Rf5 Rxe3 33. Qf2
Re4 34. Kh1 Rxd4 35. Qxd4 Ne2 36. Rc5 Ng3+ 37. Kh2 Qb8 38. Qe5 Qxe5 39. Rxe5
Nf1+ 40. Kg1 Nd2 41. Re8+ Kh7 42. Re7 b5 43. Ra7 Nb1 44. Rxa6 b4 45. Rb6 Nc3 46.
Rxb4 Nxa2 47. Rc4 1-0

[Event "World Rapid Women 2017"]
[Site "Riyadh KSA"]
[Date "2017.12.26"]
[Round "3.15"]
[White "Mamedjarova, Turkan"]
[Black "Girya, Olga"]
[Result "1-0"]
[WhiteTitle "WGM"]
[BlackTitle "WGM"]
[WhiteElo "2260"]
[BlackElo "2484"]
[WhiteFideId "13402005"]
[BlackFideId "4195752"]
[EventDate "2017.12.26"]

1. d4 Nf6 2. Nf3 d5 3. c4 e6 4. Nc3 Bb4 5. Bg5 h6 6. Bxf6 Qxf6 7. e3 O-O 8. Qc2
c5 9. a3 cxd4 10. axb4 dxc3 11. Qxc3 Qxc3+ 12. bxc3 dxc4 13. Bxc4 b6 14. O-O Bb7
15. Ne5 Nc6 16. Nxc6 Bxc6 17. b5 Bd5 18. Bxd5 exd5 19. Rfd1 Rfc8 20. Rxd5 Rxc3
21. h3 Rb3 22. g4 Rb2 23. Kg2 g6 24. Kg3 Kg7 25. Rc1 a5 26. Rc6 Rb8 27. Rc7 Ra8
28. Rb7 a4 29. Rdd7 Rxb5 30. Rxf7+ Kg8 31. Rg7+ Kh8 32. Rh7+ Kg8 33. Rbg7+ Kf8
34. Rxg6 Raa5 1-0

[Event "World Rapid Women 2017"]
[Site "Riyadh KSA"]
[Date "2017.12.26"]
[Round "3.16"]
[White "Assaubayeva, Bibisara"]
[Black "Zhukova, Natalia"]
[Result "0-1"]
[WhiteTitle "FM"]
[BlackTitle "GM"]
[WhiteElo "2381"]
[BlackElo "2444"]
[WhiteFideId "13708694"]
[BlackFideId "14101513"]
[EventDate "2017.12.26"]

1. d4 Nf6 2. c4 c5 3. d5 b5 4. Qc2 bxc4 5. e4 d6 6. Bxc4 g6 7. Nf3 Bg7 8. O-O
O-O 9. h3 Nbd7 10. Nc3 Rb8 11. Bd2 Nh5 12. a4 Ne5 13. Nxe5 Bxe5 14. Rab1 e6 15.
Nb5 exd5 16. exd5 Qh4 17. Rfe1 a6 18. Na3 Bd4 19. Be3 Nf4 20. Bxf4 Qxf4 21. Qe2
Bf5 22. Nc2 Bxc2 23. Qxc2 Bxf2+ 24. Qxf2 Qxc4 25. Qf6 Qxd5 26. Red1 Qe4 27. Qxd6
Qxa4 28. Qxc5 Qb3 29. Qc3 Qb6+ 30. Qd4 Qb5 31. b4 Rfc8 32. Rdc1 Rd8 33. Qc4 Qb6+
34. Qc5 Rd4 35. Qxb6 Rxb6 36. Rc8+ Kg7 37. Ra8 Rd2 38. Ra1 Rxb4 39. R8xa6 Rbb2
40. R6a3 Rxg2+ 41. Kh1 Rh2+ 42. Kg1 Rbg2+ 43. Kf1 g5 44. Ra7 Rg3 45. R1a5 Rhxh3
46. Kf2 Rf3+ 47. Kg2 Rhg3+ 48. Kh2 Rg4 49. Rd5 h5 50. Raa5 Kg6 51. Rd6+ Rf6 52.
Rdd5 Re6 53. Kh3 Re3+ 54. Kh2 h4 55. Rd6+ f6 56. Raa6 Re2+ 57. Kh1 Rf4 58. Kg1
h3 59. Rd1 Rff2 0-1

[Event "World Rapid Women 2017"]
[Site "Riyadh KSA"]
[Date "2017.12.26"]
[Round "3.17"]
[White "Karavade, Eesha"]
[Black "Lagno, Kateryna"]
[Result "1/2-1/2"]
[WhiteTitle "IM"]
[BlackTitle "GM"]
[WhiteElo "2384"]
[BlackElo "2547"]
[WhiteFideId "5012600"]
[BlackFideId "14109336"]
[EventDate "2017.12.26"]

1. Nf3 Nf6 2. c4 c5 3. Nc3 Nc6 4. e3 e6 5. d4 d5 6. dxc5 Bxc5 7. cxd5 exd5 8.
Be2 O-O 9. O-O a6 10. b3 d4 11. Na4 Ba7 12. exd4 Nxd4 13. Nxd4 Bxd4 14. Bb2 Bxb2
15. Nxb2 Ne4 16. Qxd8 Rxd8 17. Rfd1 Be6 18. Bf3 Rxd1+ 19. Rxd1 Nc3 20. Rd6 Nxa2
21. Bxb7 Rb8 22. Rxa6 Bxb3 23. Ra8 Rxa8 24. Bxa8 Nb4 25. Kf1 Bd5 26. Bxd5 Nxd5 1/2-1/2

[Event "World Rapid Women 2017"]
[Site "Riyadh KSA"]
[Date "2017.12.26"]
[Round "3.18"]
[White "Gara, Anita"]
[Black "Stefanova, Antoaneta"]
[Result "0-1"]
[WhiteTitle "IM"]
[BlackTitle "GM"]
[WhiteElo "2367"]
[BlackElo "2500"]
[WhiteFideId "709751"]
[BlackFideId "2902257"]
[EventDate "2017.12.26"]

1. e4 e5 2. Nf3 Nc6 3. Nc3 Nf6 4. d4 exd4 5. Nxd4 Bb4 6. Nxc6 bxc6 7. Bd3 O-O 8.
O-O d5 9. exd5 cxd5 10. h3 Be6 11. Qf3 Rb8 12. Bf4 Bd6 13. Nb5 Bxf4 14. Qxf4 c5
15. a4 a6 16. Nc7 c4 17. Be2 Rxb2 18. Rfc1 Rb6 19. Rab1 Rc6 20. Rb7 Ne4 21. Bf3
Nc5 22. Ra7 Qb8 23. Nxe6 fxe6 24. Qxb8 Rxb8 25. a5 Rb7 26. Ra8+ Kf7 27. Rh8 h6
28. Rd1 Ke7 29. Rd4 Kd6 30. Rf4 Rcc7 31. Rff8 Rb5 32. Rd8+ Rd7 33. Rxd7+ Nxd7
34. Rg8 Rxa5 35. Rxg7 Ra2 36. Rg6 Rxc2 37. Bg4 Nc5 38. f4 Rc1+ 39. Kf2 c3 40.
Ke2 c2 41. Kd2 Nb3+ 42. Kd3 Na1 43. Rxe6+ Kc5 44. Kd2 Rg1 0-1

[Event "World Rapid Women 2017"]
[Site "Riyadh KSA"]
[Date "2017.12.26"]
[Round "3.19"]
[White "Ushenina, Anna"]
[Black "Cori T., Deysi"]
[Result "1-0"]
[WhiteTitle "GM"]
[BlackTitle "WGM"]
[WhiteElo "2416"]
[BlackElo "2389"]
[WhiteFideId "14110911"]
[BlackFideId "3801934"]
[EventDate "2017.12.26"]

1. d4 Nf6 2. Nf3 g6 3. Nbd2 d5 4. e3 Bg7 5. b3 c5 6. Bb2 cxd4 7. Nxd4 O-O 8. Be2
Ne4 9. Nxe4 dxe4 10. O-O Qa5 11. c4 Qg5 12. Qc2 f5 13. Nb5 Nc6 14. Bxg7 Kxg7 15.
Rad1 Rb8 16. Kh1 a6 17. Nc3 Qf6 18. a3 Be6 19. b4 Rfc8 20. Nd5 Qe5 21. Nb6 Rd8
22. g3 h5 23. h4 Qf6 24. Kg2 Ne5 25. c5 Nf3 26. Nc4 Bd5 27. Nd2 Ne5 28. Qc3 Bc6
29. Nc4 Nd3 30. Qxf6+ 1-0

[Event "World Rapid Women 2017"]
[Site "Riyadh KSA"]
[Date "2017.12.26"]
[Round "3.20"]
[White "Zawadzka, Jolanta"]
[Black "Bodnaruk, Anastasia"]
[Result "1/2-1/2"]
[WhiteTitle "WGM"]
[BlackTitle "IM"]
[WhiteElo "2424"]
[BlackElo "2428"]
[WhiteFideId "1122320"]
[BlackFideId "4181751"]
[EventDate "2017.12.26"]

1. e4 c5 2. Nf3 d6 3. d4 cxd4 4. Nxd4 Nf6 5. f3 e5 6. Nb3 Be7 7. c4 O-O 8. Be3
a5 9. Nc3 a4 10. Nd2 a3 11. b3 Nc6 12. Be2 Qa5 13. Rc1 Nb4 14. O-O Be6 15. Ndb1
Nd7 16. Kh1 f5 17. Bd2 Qd8 18. exf5 Bxf5 19. Be3 Nc5 20. Qd2 Ncd3 21. Bxd3 Nxd3
22. Rcd1 Nb2 23. Qd5+ Kh8 24. Rd2 Bg5 25. Bxg5 Qxg5 26. f4 Bxb1 27. Nxb1 Rxf4
28. Rg1 Raf8 29. h3 Rf1 30. Qxd6 Qe3 31. Rxf1 Rxf1+ 32. Kh2 Qg1+ 33. Kg3 Qe3+
34. Kh2 h6 35. Qg6 Qg1+ 36. Kg3 Qe3+ 37. Kh2 Qg1+ 38. Kg3 Qe3+ 39. Kh2 Qg1+ 40.
Kg3 Qe3+ 41. Kh2 Qg1+ 1/2-1/2

[Event "World Rapid Women 2017"]
[Site "Riyadh KSA"]
[Date "2017.12.26"]
[Round "3.21"]
[White "Munguntuul, Batkhuyag"]
[Black "Bulmaga, Irina"]
[Result "1/2-1/2"]
[WhiteTitle "IM"]
[BlackTitle "IM"]
[WhiteElo "2397"]
[BlackElo "2427"]
[WhiteFideId "4900758"]
[BlackFideId "13903063"]
[EventDate "2017.12.26"]

1. e4 c5 2. Nf3 d6 3. d4 cxd4 4. Nxd4 Nf6 5. Nc3 a6 6. Be2 e5 7. Nf3 Be7 8. Bg5
O-O 9. O-O Be6 10. Bxf6 Bxf6 11. Nd5 Nd7 12. Bc4 Rc8 13. Qe2 b5 14. Bb3 Nc5 15.
Rfd1 Bxd5 16. Bxd5 Qc7 17. c3 Ne6 18. Ne1 Nf4 19. Qf3 Bg5 20. Nc2 Kh8 21. Qg4
Bh6 22. Ne3 g6 23. Bb3 Rcd8 24. g3 Ne6 25. Bxe6 fxe6 26. Qxe6 Bxe3 27. fxe3 Kg7
28. Rf1 Qa7 29. Rae1 Rxf1+ 30. Kxf1 Rf8+ 31. Kg2 Rf6 32. Qd5 h5 33. h4 Qd7 34.
Qd1 Qf7 35. Re2 Qxa2 36. Rf2 Rxf2+ 37. Kxf2 Qxb2+ 38. Kf3 Qa3 39. Qd5 Qc1 40.
Kf2 Qxc3 41. Qxd6 Qc2+ 42. Kf3 Qc4 43. Qxe5+ Kf8 44. Qd6+ Kf7 45. Qd7+ Kg8 46.
Qe8+ Kg7 47. Qe5+ Kf7 48. Qd5+ Qxd5 49. exd5 a5 50. Ke4 a4 51. Kd3 Kf6 52. Kc3
a3 53. Kb3 b4 54. e4 Ke5 55. Ka2 Kd6 56. Kb3 Kc5 57. Ka2 Kd6 58. Kb3 1/2-1/2

[Event "World Rapid Women 2017"]
[Site "Riyadh KSA"]
[Date "2017.12.26"]
[Round "3.22"]
[White "Bivol, Alina"]
[Black "Huang, Qian"]
[Result "0-1"]
[WhiteTitle "WGM"]
[BlackTitle "WGM"]
[WhiteElo "2356"]
[BlackElo "2438"]
[WhiteFideId "4100123"]
[BlackFideId "8602689"]
[EventDate "2017.12.26"]

1. Nf3 Nf6 2. g3 c5 3. Bg2 Nc6 4. c4 d5 5. cxd5 Nxd5 6. O-O e5 7. Nc3 Nc7 8. d3
Be7 9. b3 O-O 10. Bb2 f6 11. Rc1 Be6 12. Qd2 Qd7 13. Rfd1 Rad8 14. e3 b6 15. Qe1
Rfe8 16. Qf1 Bf8 17. h3 Bf7 18. d4 cxd4 19. exd4 e4 20. Nd2 e3 21. fxe3 Rxe3 22.
Nde4 Nd5 23. Qf2 Ncb4 24. Nxd5 Nxd5 25. Re1 Rxe1+ 26. Rxe1 Rc8 27. Kh2 Nb4 28.
Re2 Nd3 29. Qe3 Nxb2 30. Rxb2 Re8 31. Qf2 h6 32. Re2 f5 33. Nc3 Rd8 34. d5 Bd6
35. Qf3 Rf8 36. Rf2 f4 37. gxf4 Qf5 38. Ne2 Bh5 39. Qe4 Qxe4 40. Bxe4 g5 41. Kg2
gxf4 42. Bf3 Bg6 43. Nc3 Re8 44. Re2 Rxe2+ 45. Nxe2 Kf7 46. Nd4 a6 47. h4 Kf6
48. h5 Bb1 49. a4 Bc5 50. Ne6 Bd6 51. Nd4 Bd3 52. Kh3 Bc5 53. Ne6 Bf5+ 54. Bg4
Bc2 55. Nxf4 Bxb3 56. Bd7 Bd6 57. Ne2 Bxd5 58. Nd4 Bc5 59. Nf5 Kg5 60. Ng3 Bf2
61. Be8 Bf3 62. Nf1 Bxh5 63. Bd7 Be2 64. Nd2 Kf4 65. Kg2 Be3 66. Nb3 h5 67. Be6
b5 68. axb5 axb5 69. Bf7 b4 70. Kh3 Bg4+ 71. Kh2 h4 72. Na5 Kf3 73. Bd5+ Kf2 74.
Nb3 h3 75. Na5 Bf4+ 76. Kh1 Be2 0-1

[Event "World Rapid Women 2017"]
[Site "Riyadh KSA"]
[Date "2017.12.26"]
[Round "3.24"]
[White "Charkhalashvili, Inga"]
[Black "Abdumalik, Zhansaya"]
[Result "0-1"]
[WhiteTitle "WGM"]
[BlackTitle "IM"]
[WhiteElo "2355"]
[BlackElo "2449"]
[WhiteFideId "13601431"]
[BlackFideId "13703544"]
[EventDate "2017.12.26"]

1. d4 Nf6 2. c4 d6 3. Nc3 Bf5 4. g3 e5 5. Bg2 c6 6. dxe5 dxe5 7. Qxd8+ Kxd8 8.
Nf3 Nbd7 9. O-O Kc7 10. b3 Ne4 11. Bb2 f6 12. Rfd1 Nxc3 13. Bxc3 a5 14. a3 Bc2
15. Rdc1 Bxb3 16. Nd2 Ba4 17. Ra2 Nc5 18. Rb2 Be7 19. Rcb1 Ra6 20. Ne4 Rb8 21.
Nd2 Nd7 22. Bh3 Nc5 23. Bf5 g6 24. Bh3 Bd6 25. g4 b5 26. Bf1 Nd7 27. cxb5 Bxb5
28. a4 Bxa4 29. Rxb8 Nxb8 30. Nc4 Bb4 31. Bxb4 axb4 32. Rxb4 Nd7 33. e3 Bb5 34.
Kg2 Ra2 35. h4 Nc5 36. Kf3 Ra1 37. Be2 Re1 38. Rb2 Rxe2 39. Rxe2 Bxc4 40. Rc2
Bd5+ 41. Ke2 Kd6 42. f3 Nb3 43. Rc3 c5 44. g5 f5 0-1